[Event "Titled Tuesday intern op 27th Feb Late"]
[Site "Chess.com INT"]
[Date "2024.02.27"]
[Round "7"]
[White "Hong, Andrew Z"]
[Black "Ibarra Jerez, Jose Carlos"]
[Result "1-0"]
[WhiteElo "2542"]
[BlackElo "2559"]
[PlyCount "59"]
[EventDate "2024.02.27"]
[EventType "swiss (blitz)"]
[EventRounds "11"]
[EventCountry "USA"]
[SourceTitle "CB10_2024"]
[SourceDate "2024.03.06"]
[SourceVersion "1"]
[SourceVersionDate "2024.03.06"]
[SourceQuality "1"]

1. b3 d6 2. Bb2 e5 3. d4 exd4 4. Nf3 c5 5. c3 dxc3 6. Nxc3 Nf6 7. e4 Be7 8. Bd3 0-0 9. 0-0 Bg4 10. h3 Bh5 11. g4 Bg6 12. Nh4 Nc6 13. f4 Bxe4 14. Nxe4 Nxe4 15. Bxe4 Bxh4 16. g5 Re8 17. Bxc6 bxc6 18. Qg4 c4 19. Qxh4 cxb3 20. axb3 Qb6+ 21. Qf2 Qxb3 22. Ra3 Qd5 23. Rxa7 Rxa7 24. Qxa7 c5 25. Qd7 Ra8 26. Re1 Rf8 27. Re8 Qd1+ 28. Kf2 Qd2+ 29. Kg3 Qe1+ 30. Rxe1 1-0

[Event "Titled Tuesday intern op 27th Feb Late"]
[Site "Chess.com INT"]
[Date "2024.02.27"]
[Round "4"]
[White "Hong, Andrew Z"]
[Black "Kashefi, Amir Hossein"]
[Result "1-0"]
[WhiteElo "2542"]
[BlackElo "2193"]
[PlyCount "57"]
[EventDate "2024.02.27"]
[EventType "swiss (blitz)"]
[EventRounds "11"]
[EventCountry "USA"]
[SourceTitle "CB10_2024"]
[SourceDate "2024.03.06"]
[SourceVersion "1"]
[SourceVersionDate "2024.03.06"]
[SourceQuality "1"]

1. b3 d5 2. Bb2 c6 3. f4 Nf6 4. Nf3 g6 5. g3 Bg7 6. Bg2 Qb6 7. e3 0-0 8. 0-0 Bg4 9. Qe1 Bxf3 10. Bxf3 Nbd7 11. Kh1 Rfe8 12. g4 e5 13. g5 Ne4 14. Bxe4 dxe4 15. f5 Nc5 16. Nc3 Rad8 17. Rd1 Rd7 18. Qh4 Qd8 19. Ba3 Bf8 20. Bxc5 Bxc5 21. Nxe4 Be7 22. Rf3 Qa5 23. fxg6 fxg6 24. Rdf1 Bd8 25. c3 Qd5 26. c4 Qa5 27. Qh6 Rg7 28. Nd6 e4 29. Nxe8 1-0

[Event "Titled Tuesday intern op 27th Feb Late"]
[Site "Chess.com INT"]
[Date "2024.02.27"]
[Round "2"]
[White "Hong, Andrew Z"]
[Black "Thomforde Toates, Noah"]
[Result "1-0"]
[WhiteElo "2542"]
[BlackElo "2124"]
[PlyCount "63"]
[EventDate "2024.02.27"]
[EventType "swiss (blitz)"]
[EventRounds "11"]
[EventCountry "USA"]
[SourceTitle "CB10_2024"]
[SourceDate "2024.03.06"]
[SourceVersion "1"]
[SourceVersionDate "2024.03.06"]
[SourceQuality "1"]

1. c4 Nf6 2. Nf3 g6 3. Nc3 Bg7 4. e4 d6 5. d4 0-0 6. h3 e5 7. Be3 exd4 8. Nxd4 Re8 9. Bd3 c6 10. 0-0 Nbd7 11. Qc2 Nc5 12. Rad1 Nfd7 13. f4 Nxd3 14. Qxd3 Nc5 15. Qc2 Qh4 16. Nf3 Qg3 17. Ne2 Nxe4 18. Nxg3 Nxg3 19. Rfe1 Bf5 20. Qb3 Re7 21. Bd4 Bxd4+ 22. Nxd4 Ne4 23. Nxf5 gxf5 24. Rxd6 Rae8 25. Rdd1 Kf8 26. Qa3 Kg8 27. Rd8 Rxd8 28. Qxe7 Rd2 29. Qxb7 Kg7 30. Qxc6 Rxb2 31. Qd5 Rxa2 32. Qxf5 1-0

[Event "Titled Tuesday intern op 27th Feb Late"]
[Site "Chess.com INT"]
[Date "2024.02.27"]
[Round "6"]
[White "Sahakyan, Aleks"]
[Black "Hong, Andrew Z"]
[Result "0-1"]
[WhiteElo "2318"]
[BlackElo "2542"]
[PlyCount "62"]
[EventDate "2024.02.27"]
[EventType "swiss (blitz)"]
[EventRounds "11"]
[EventCountry "USA"]
[SourceTitle "CB10_2024"]
[SourceDate "2024.03.06"]
[SourceVersion "1"]
[SourceVersionDate "2024.03.06"]
[SourceQuality "1"]

1. e4 e6 2. d4 d5 3. exd5 exd5 4. Nf3 Bd6 5. Nc3 c6 6. Bd3 Ne7 7. Ne2 Bf5 8. Ng3 Bxd3 9. Qxd3 Nd7 10. 0-0 0-0 11. Ng5 Ng6 12. Nf5 Nf6 13. h4 h6 14. Ne6 fxe6 15. Nxd6 Nxh4 16. Nxb7 Qe8 17. Nc5 e5 18. Qg3 Nf5 19. Qxe5 Qh5 20. Qh2 Qg6 21. c3 Rae8 22. Bf4 Ng4 23. Qh3 Nxd4 24. cxd4 Rxf4 25. Rad1 Re2 26. Nd3 Rf8 27. Qg3 Qe4 28. Nc5 Qf5 29. Nd3 Nf6 30. Rfe1 Ne4 31. Qh4 Nxf2 0-1

[Event "Titled Tuesday intern op 13th Feb Late"]
[Site "Chess.com INT"]
[Date "2024.02.13"]
[Round "10"]
[White "Hong, Andrew Z"]
[Black "Chigaev, Maksim"]
[Result "1-0"]
[WhiteElo "2542"]
[BlackElo "2622"]
[PlyCount "69"]
[EventDate "2024.02.13"]
[EventType "swiss (blitz)"]
[EventRounds "11"]
[EventCountry "USA"]
[SourceTitle "CB08_2024"]
[SourceDate "2024.02.21"]
[SourceVersion "1"]
[SourceVersionDate "2024.02.21"]
[SourceQuality "1"]

1. e4 e5 2. Nf3 Nc6 3. Bb5 a6 4. Ba4 Nf6 5. 0-0 Be7 6. Re1 b5 7. Bb3 0-0 8. a4 b4 9. d4 d6 10. dxe5 dxe5 11. Nbd2 Bc5 12. h3 Qe7 13. Qe2 a5 14. c3 h6 15. Bc4 Rd8 16. Nb3 Bb6 17. Bb5 Be6 18. Bxc6 Bxb3 19. Bxa8 Rxa8 20. cxb4 axb4 21. Be3 Ba5 22. Qb5 Nd7 23. Rec1 Be6 24. Nxe5 Nxe5 25. Qxe5 b3 26. Rc6 Qf6 27. Qxf6 gxf6 28. Bxh6 Rd8 29. Bf4 Rd3 30. Bxc7 Bxc7 31. Rxc7 Rd2 32. a5 Rxb2 33. a6 Ra2 34. Rxa2 bxa2 35. Rc1 1-0